<?xml version="1.0" encoding="UTF-8"?>
<record
    xmlns:xsi="http://www.w3.org/2001/XMLSchema-instance"
    xsi:schemaLocation="http://www.loc.gov/MARC21/slim http://www.loc.gov/standards/marcxml/schema/MARC21slim.xsd"
    xmlns="http://www.loc.gov/MARC21/slim">

  <leader>00965nas1a22002411i 4500</leader>
  <controlfield tag="001">RU\NLR\Per\791152</controlfield>
  <controlfield tag="005">20260407083202.0</controlfield>
  <datafield tag="035" ind1=" " ind2=" ">
    <subfield code="a">(NLR Aleph) 003036009</subfield>
  </datafield>
  <datafield tag="090" ind1=" " ind2=" ">
    <subfield code="a">2003920</subfield>
    <subfield code="c">2003920</subfield>
  </datafield>
  <datafield tag="100" ind1=" " ind2=" ">
    <subfield code="a">20110816a20089999|||y0rusy50      ca</subfield>
  </datafield>
  <datafield tag="101" ind1="0" ind2=" ">
    <subfield code="a">rus</subfield>
  </datafield>
  <datafield tag="102" ind1=" " ind2=" ">
    <subfield code="a">RU</subfield>
  </datafield>
  <datafield tag="110" ind1=" " ind2=" ">
    <subfield code="a">zu|||||||||</subfield>
  </datafield>
  <datafield tag="200" ind1="1" ind2=" ">
    <subfield code="a">&#x41D;&#x430;&#x443;&#x447;&#x43D;&#x44B;&#x439; &#x411;&#x430;&#x448;&#x43A;&#x43E;&#x440;&#x442;&#x43E;&#x441;&#x442;&#x430;&#x43D;</subfield>
    <subfield code="e">&#x430;&#x43B;&#x44C;&#x43C;&#x430;&#x43D;&#x430;&#x445;</subfield>
    <subfield code="f">&#x410;&#x43A;&#x430;&#x434;. &#x43D;&#x430;&#x443;&#x43A; &#x420;&#x435;&#x441;&#x43F;. &#x411;&#x430;&#x448;&#x43A;&#x43E;&#x440;&#x442;&#x43E;&#x441;&#x442;&#x430;&#x43D;, &#x411;&#x430;&#x448;&#x43A;. &#x433;&#x43E;&#x441;. &#x43F;&#x435;&#x434;. &#x443;&#x43D;-&#x442; &#x438;&#x43C;. &#x41C;. &#x410;&#x43A;&#x43C;&#x443;&#x43B;&#x43B;&#x44B;</subfield>
  </datafield>
  <datafield tag="210" ind1=" " ind2=" ">
    <subfield code="a">&#x423;&#x444;&#x430;</subfield>
    <subfield code="c">&#x412;&#x430;&#x433;&#x430;&#x43D;&#x442;</subfield>
    <subfield code="d">2009 -</subfield>
  </datafield>
  <datafield tag="225" ind1="2" ind2=" ">
    <subfield code="a">&#x423;&#x444;&#x438;&#x43C;&#x441;&#x43A;&#x430;&#x44F; &#x43A;&#x43D;&#x438;&#x433;&#x430;</subfield>
  </datafield>
  <datafield tag="606" ind1="1" ind2=" ">
    <subfield code="a">&#x41D;&#x430;&#x443;&#x43A;&#x430;</subfield>
    <subfield code="j">&#x41F;&#x435;&#x440;&#x438;&#x43E;&#x434;&#x438;&#x447;&#x435;&#x441;&#x43A;&#x438;&#x435; &#x438;&#x437;&#x434;&#x430;&#x43D;&#x438;&#x44F;</subfield>
    <subfield code="y">&#x411;&#x430;&#x448;&#x43A;&#x43E;&#x440;&#x442;&#x43E;&#x441;&#x442;&#x430;&#x43D;, &#x420;&#x435;&#x441;&#x43F;&#x443;&#x431;&#x43B;&#x438;&#x43A;&#x430;</subfield>
    <subfield code="9">2102840</subfield>
    <subfield code="3">RU\NLR\AUTH\661271588</subfield>
  </datafield>
  <datafield tag="686" ind1="1" ind2=" ">
    <subfield code="a">&#x427;214(2&#x420;-6&#x411;)&#x44F;54</subfield>
  </datafield>
  <datafield tag="712" ind1="0" ind2="2">
    <subfield code="4">570</subfield>
    <subfield code="a">&#x410;&#x43A;&#x430;&#x434;&#x435;&#x43C;&#x438;&#x44F; &#x43D;&#x430;&#x443;&#x43A; &#x420;&#x435;&#x441;&#x43F;&#x443;&#x431;&#x43B;&#x438;&#x43A;&#x438; &#x411;&#x430;&#x448;&#x43A;&#x43E;&#x440;&#x442;&#x43E;&#x441;&#x442;&#x430;&#x43D;</subfield>
    <subfield code="c">&#x423;&#x444;&#x430;</subfield>
    <subfield code="3">RU\NLR\AUTH\889694</subfield>
    <subfield code="9">291857</subfield>
  </datafield>
  <datafield tag="852" ind1=" " ind2=" ">
    <subfield code="a">NLR</subfield>
    <subfield code="j">&#x41F;1/838</subfield>
  </datafield>
  <datafield tag="942" ind1=" " ind2=" ">
    <subfield code="c">SE</subfield>
  </datafield>
  <datafield tag="980" ind1=" " ind2=" ">
    <subfield code="a">RUSPER</subfield>
  </datafield>
</record>
